Anuario de "Eusko-folklore" / (Record no. 2688)

MARC details
000 -LEADER
campo de control de longitud fija 00822nas a2200265 i 4500
001 - NÚMERO DE CONTROL
campo de control 2688
003 - IDENTIFICADOR DE NÚMERO DE CONTROL
campo de control ES-MaACL
005 - FECHA Y HORA DE LA ÚLTIMA TRANSACCIÓN
campo de control 20250217134712.0
007 - CAMPO FIJO DE DESCRIPCIÓN FÍSICA--INFORMACIÓN GENERAL
campo de control de longitud fija t|
008 - DATOS DE LONGITUD FIJA--INFORMACIÓN GENERAL
campo de control de longitud fija 980120d1921 sp | | 0 ||pa d
080 ## - NÚMERO DE LA CLASIFICACIÓN DECIMAL UNIVERSAL
Número de la Clasificación Decimal Universal (460)
080 ## - NÚMERO DE LA CLASIFICACIÓN DECIMAL UNIVERSAL
Número de la Clasificación Decimal Universal 39
245 00 - MENCIÓN DEL TÍTULO
Título Anuario de "Eusko-folklore" /
Mención de responsabilidad, etc. Laboratorio de Etnología (de Eusko-Ikaskunza = Sociedad de Estudios Vascos).
247 11 - TÍTULO ANTERIOR
Título Anuario de la Sociedad de Eusko-Folklore
260 ## - PUBLICACIÓN, DISTRIBUCIÓN, ETC.
Lugar de publicación, distribución, etc. Vitoria :
Nombre del editor, distribuidor, etc. Sociedad de Estudios Vascos,
Fecha de publicación, distribución, etc. 1921-
300 ## - DESCRIPCIÓN FÍSICA
Extensión 3 v. ;
Dimensiones 24 cm.
310 ## - PERIODICIDAD ACTUAL
Periodicidad actual Anual
362 0# - FECHAS DE PUBLICACIÓN Y/O DESIGNACIÓN SECUENCIAL
Fecha de publicación y/o designación secuencial 1921-
547 ## - NOTA DE RELACIÓN COMPLEJA CON LOS TÍTULOS ANTERIORES
Nota de relación compleja con los títulos anteriores Hasta 1925 se titula Anuario de la Sociedad de Eusko-Folklore.
650 #4 - PUNTO DE ACCESO ADICIONAL DE MATERIA--TÉRMINO DE MATERIA
Término de materia o nombre geográfico como elemento de entrada Antropología. Etnología.
9 (RLIN) 9890
710 2# - ENTRADA AGREGADA--NOMBRE DE ENTIDAD CORPORATIVA
Nombre de entidad corporativa o nombre de jurisdicción como elemento de entrada Sociedad de Estudios Vascos.
9 (RLIN) 6671
852 ## - LOCALIZACIÓN
Ubicación ES-MaACL
Número de control de estantería Hem-401
866 #0 - MENCIÓN TEXTUAL DE FONDOS--UNIDAD BIBLIOGRÁFICA BÁSICA
Fondos 1925-34.
Holdings
Estatus retirado Estado de pérdida Estado de daño No para préstamo Colección Biblioteca de origen Biblioteca actual Ubicación en estantería Fecha de adquisición Fuente de adquisición Total de préstamos Signatura topográfica completa Código de barras Visto por última vez Precio de reemplazo Tipo de ítem Koha
        Periódicos y Revistas Biblioteca del Ateneo de Madrid Biblioteca del Ateneo de Madrid Depósito 1 17/01/2008     Hem-401 1002739 23/02/2023 23/02/2023 Revista